New book of herbs

Bibliographic Details
Main Author: McVicar, Jekka
Format: Book
Published: London : Dorling Kindersley , 2002.
Subjects:

MARC

LEADER 00000cam a2200000 7i4500
001 0000003540
005 20060413.0
020 0 0 |a 0751346470 
090 0 0 |a 635.7   |b MCV 
100 1 0 |a McVicar, Jekka. 
245 1 0 |a New book of herbs   |c Jekka McVicar. 
260 0 0 |a London :   |b Dorling Kindersley ,   |c 2002. 
300 |a 288 p. :   |b col. ill. ;   |c 29 cm. 
650 0 0 |a Cookery (Herbs) 
650 0 0 |a Herb gardening 
650 0 0 |a Herbs   |x Therapeutic use. 
999 |a 0000006889   |b Monograph   |c Open Shelf   |e Default branch 
999 |a 0000007202   |b Monograph   |c Open Shelf   |e Default branch